Price theory and applications / (Record no. 2684)
[ view plain ]
| 000 -LEADER | |
|---|---|
| fixed length control field | 01355nam a2200205Ia 4500 |
| 020 ## - INTERNATIONAL STANDARD BOOK NUMBER | |
| ISBN | 0324225172 (pbk) |
| 020 ## - INTERNATIONAL STANDARD BOOK NUMBER | |
| ISBN | 0324274483 |
| 020 ## - INTERNATIONAL STANDARD BOOK NUMBER | |
| ISBN | 9780324274486 |
| 050 ## - CALL NUMBER | |
| Classification number | HB172 |
| Item number | .L22 |
| 100 1# - AUTHOR | |
| Personal name | Landsburg, Steven E., |
| 245 10 - TITLE | |
| Title | Price theory and applications / |
| Statement of responsibility, etc | Steven E. Landsburg. |
| 250 ## - EDITION | |
| Edition statement | 6th ed. |
| 260 ## - PUBLICATION INFORMATION | |
| Place of publication | Mason, Ohio : |
| Name of publisher | South-Western Pub., |
| Year of publication | c2005. |
| 300 ## - DESCRIPTION | |
| Number of Pages | xxx, 733 p. : |
| Other physical details | ill. ; |
| Dimensions | 26 cm. |
| 500 ## - NOTES | |
| General note | Various multi-media instructional materials are available to supplement the text. |
| 505 ## - FORMATTED CONTENTS NOTE | |
| Table of Content | 1. Supply, Demand, and Equilibrium --<br/>2. Prices, Costs, and the Gains from Trade --<br/>3. The Behavior of Consumers --<br/>4. Consumers in the Marketplace --<br/>5. The Behavior of Firms --<br/>6. Production and Costs --<br/>7. Competition --<br/>8. Welfare Economics and the Gains from Trade --<br/>9. Knowledge and Information --<br/>10. Monopoly --<br/>11. Market Power, Collusion, and Oligopoly --<br/>12. The Theory of Games --<br/>13. External Costs and Benefits --<br/>14. Common Property and Public Goods --<br/>15. The Demand for Factors of Production --<br/>16. The Market for Labor --<br/>17. Allocating Goods Over Time --<br/>18. Risk and Uncertainty --<br/>19. What is Economics? --<br/>Appendix A. Calculus Supplement --<br/>Appendix B. Answers to Exercises --<br/>Appendix C. Answers to Problem Sets. |
| 650 #0 - SUBJECTS | |
| Topical Term | Microeconomics. |
| 650 #0 - SUBJECTS | |
| Topical Term | Prices. |
| 942 ## - ADDED ENTRY ELEMENTS (KOHA) | |
| Koha item type | Books |
| Withdrawn status | Lost status | Collection code | Home library | Current library | Shelving location | Date acquired | Full call number | Accession Number | Copy number | Koha item type |
|---|---|---|---|---|---|---|---|---|---|---|
| Reference | Methodist University Library Main | Methodist University Library Main | General Stacks | HB172 .L22 | 37852 | 1 | Books |